000 00552cas a22002175a 4500
001 L00400149
008 070614c1991 xxkwr p 0 a0eng
022 _a0040-0149
035 _a(Sirsi) u98763
041 _aeng
245 _aTaxation
260 _aCroydon
_bLexisNexis Tolley
_c1991-
510 2 _aKnowledge Alert
_c2006-
520 _aKept for one year
554 _aWeekly
651 4 _aEngland and Wales
_y1543-
690 _aPROPERTY-PROPERTY TAXATION
856 _uhttps://www.taxation.co.uk
942 _n0
948 _c01/03/1994
999 _c118512
_d118512